00318nam a2200109Ia 4500008004100000040004400041100002800085245003300113260002900146300001600175999001700191180412s9999||||xx |||||||||||||| ||und|| aAhmadu Bello University Library - Zaria aHamburger, Michael (ed( 0aHolderlincMichael Hamburger aBaltimorebPenguin Books axxvii,269p. c21020d21020